Loading...
| Current Events | 3 | 2 | 0 | 0 | 65 | 38 | 63.80 | 3 | 5 | 0.00 | 0.00 |
| Literature - Poetry | 0 | 3 | 0 | 2 | 30 | 109 | 123.00 | 2 | 3 | 0.00 | 0.00 |
| Science - Other | 0 | 3 | 0 | 0 | 30 | 82 | 100.67 | 0 | 3 | 0.00 | 0.00 |
| History - American | 2 | 0 | 0 | 0 | 30 | 64 | 68.50 | 2 | 2 | 0.00 | 0.00 |
| Other Academic | 1 | 1 | 1 | 0 | 20 | 48 | 72.50 | 1 | 2 | 0.00 | 0.00 |
| History - European | 0 | 2 | 0 | 1 | 20 | 91 | 114.00 | 0 | 2 | 0.00 | 0.00 |
| History - World | 0 | 2 | 1 | 1 | 15 | 77 | 110.00 | 0 | 2 | 0.00 | 0.00 |
| Fine Arts - Classical Music | 0 | 2 | 1 | 0 | 15 | 140 | 147.00 | 0 | 2 | 0.00 | 0.00 |
| Social Science | 1 | 0 | 1 | 0 | 10 | 17 | 17.00 | 1 | 1 | 0.00 | 0.00 |
| Fine Arts - Painting and Sculpture | 0 | 1 | 0 | 0 | 10 | 117 | 117.00 | 0 | 1 | 0.00 | 0.00 |
| Literature - Drama | 0 | 1 | 0 | 0 | 10 | 94 | 94.00 | 1 | 1 | 0.00 | 0.00 |
| Philosophy | 0 | 1 | 0 | 1 | 10 | 144 | 144.00 | 0 | 0 | 0.00 | 0.00 |
| Science - Physics | 0 | 1 | 0 | 0 | 10 | 130 | 130.00 | 0 | 1 | 0.00 | 0.00 |
| Fine Arts - Other | 0 | 1 | 1 | 0 | 5 | 153 | 153.00 | 0 | 1 | 0.00 | 0.00 |
| Literature - Long Fiction | 0 | 1 | 1 | 1 | 5 | 161 | 161.00 | 0 | 1 | 0.00 | 0.00 |
| Science - Biology | 0 | 0 | 1 | 0 | -5 | 0.00 | 0 | 0 | 0.00 | 0.00 | |
| Geography | 0 | 0 | 1 | 0 | -5 | 0.00 | 0 | 0 | 0.00 | 0.00 | |
| Mythology | 0 | 0 | 1 | 0 | -5 | 0.00 | 0 | 0 | 0.00 | 0.00 |